Auditing 1 : (Record no. 1322)
[ view plain ]
| 000 -LEADER | |
|---|---|
| fixed length control field | 00653cam a22002052 4500 |
| 001 - CONTROL NUMBER | |
| control field | 0000023393 |
| 005 - DATE AND TIME OF LATEST TRANSACTION | |
| control field | 20151021151145.0 |
| 008 - FIXED-LENGTH DATA ELEMENTS--GENERAL INFORMATION | |
| fixed length control field | 121120s xx 000 0 eng d |
| 040 ## - CATALOGING SOURCE | |
| Original cataloging agency | KABU |
| Transcribing agency | KABU |
| 100 1# - MAIN ENTRY--PERSONAL NAME | |
| Personal name | Simiyu, Nicholas T. T. |
| -- | 0000161068 |
| 245 10 - TITLE STATEMENT | |
| Title | Auditing 1 : |
| Remainder of title | principles and concepts / |
| Statement of responsibility, etc. | Nicholas T. T. Simiyu. |
| 250 ## - EDITION STATEMENT | |
| Edition statement | 2nd ed. |
| 260 ## - PUBLICATION, DISTRIBUTION, ETC. (IMPRINT) | |
| Place of publication, distribution, etc. | Nairobi : |
| Name of publisher, distributor, etc. | FIP, |
| Date of publication, distribution, etc. | 2011. |
| 300 ## - PHYSICAL DESCRIPTION | |
| Extent | viii, 196 p. |
| 650 #0 - SUBJECT ADDED ENTRY--TOPICAL TERM | |
| Topical term or geographic name as entry element | Auditing. |
| -- | 0000151729 |
| 852 1# - LOCATION | |
| -- | p650 KES |
| 852 1# - LOCATION | |
| -- | p650 KES |
| 908 ## - PUT COMMAND PARAMETER (RLIN) | |
| Put command parameter | 121120 |
| 950 ## - LOCAL HOLDINGS (RLIN) | |
| -- | 1 |
| Withdrawn status | Lost status | Source of classification or shelving scheme | Not for loan | Home library | Current library | Date acquired | Total Checkouts | Full call number | Barcode | Date last seen | Date last checked out | Price effective from | Koha item type | Total Renewals |
|---|---|---|---|---|---|---|---|---|---|---|---|---|---|---|
| Library of Congress Classification | Kabarak, Nakuru City Campus | Kabarak, Nakuru City Campus | 21/10/2015 | 2 | HF5667 .S56 2011 c. 1 | 014040 | 12/09/2017 | 20/07/2017 | 21/10/2015 | General Collection | ||||
| Library of Congress Classification | Kabarak, Nakuru City Campus | Kabarak, Nakuru City Campus | 21/10/2015 | 3 | HF5667 .S56 2011 c. 2 | 014042 | 27/10/2022 | 14/10/2022 | 21/10/2015 | General Collection | 1 |